000 01495nad a2200385 a 4500
001 MIU01000000000000012934550
003 MiU
005 20231010141525.0
007 cr mnummmmuuuu
008 990726s1999 enka sb 001 0 eng d
024 7 _a2027/heb31534
_2hdl
040 _aNyNyACL
_cNyNyACL
090 _aKF3464
_b(INTERNET)
100 1 _aNelson, Robert L.,
_d1952-
_951071
245 1 0 _aLegalizing gender inequality
_h[electronic resource] :
_bcourts, markets, and unequal pay for women in America /
_cRobert L. Nelson, William P. Bridges.
300 _axvi, 393 p. :
_bill. ;
_c24 cm.
490 1 _aStructural analysis in the social sciences ;
_v16
504 _aIncludes bibliographical references (p. 371-384) and index.
650 0 _xLaw and legislation
_zUnited States.
_951072
650 0 _zUnited States.
_920486
700 1 _aBridges, William P.
_951073
830 0 _aStructural analysis in the social sciences ;
_v16.
_951074
830 0 _aACLS Humanities E-Book.
_951075
856 4 0 _zVolltext
_uhttps://hdl.handle.net/2027/heb31534
942 _cEB
500 _aE-Book-ACLS / Zugriff nur im DHI-Lesesaal
653 _aPay equity
653 _aPay equity
336 _2rdacontent
_btxt
_aText
337 _2rdamedia
_bbc
_aComputermedien
338 _2rdacarrier
_bcr
_aOnline Ressource
264 _aCambridge, UK ;
_bCambridge University Press,
_c1999.
041 _aeng
500 _aAmerican Council of Learned Societies/ https://www.humanitiesebook.org/about/
999 _c68265
_d68265